000 00407nam a2200157Ia 4500
008 180910s9999 xx 000 0 und d
100 _aReader's Digest.
245 _aReader's Digest /
245 _cReader's Digest.
260 _bBookshop
260 _c2018
300 _a194 pages.
440 _aReader's Digest
650 _aReader's Digest general work.
650 _aReader's Disgest Association.
999 _c358715
_d358715